000 00506nam a2200181Ia 4500
005 20250508150614.0
008 008 250505s9999 xx 000 0 eng d
037 _aTextual
040 _aFEDL
_beng
_cFEDL
041 _aeng
_2eng
084 _a313.33, ALL
_qFEDL
100 _aAllen R.G.D.
_9336754
245 0 _aStatistics for economists
260 _aNew York, USA
_bHutchinson's University Library
300 _avii,216p.
942 _cTEXL
_h313.33, ALL
999 _c1324542
_d1324542